000 01351nam0a22003131 4500
001 rc\3162832
005 20250530085319.0
021 _aRU
_b[76-40188]
035 _a(NLR Aleph) 007326009
090 _a5959614
_c5959614
100 _a20120615d1976 |||y0rusy50 ca
101 0 _arus
102 _aRU
105 _aa z |||||
200 1 _aКонструирование штампов для холодной объемной штамповки
_e[Обзор
_fГ.А. Навроцкий, В.А. Головин, В.В. Евстифеев и др.]
_gНауч.-исслед. ин-т информации по машиностроению
210 _aМосква
_cНИИмаш
_d1976
215 _a68 с.
_cил.
_d21
225 1 _aТехнология обработки давлением
_iСерия С-6-2
320 _aСписок лит.: с. 59-61 (61 назв.)
606 _aШтампы для холодной штамповки
_xКонструкция и расчет
_2psbo
701 1 _aГоловин
_bВ.А.
701 1 _aЕвстифеев
_bВ.В.
701 1 _7ca
_8rus
_aНавроцкий
_bГ. А.
_f1908-1993
_gГеоргий Александрович
_9265754
_3RU\NLR\AUTH\770265810
801 0 _aRU
_bNLR
_gpsbo
801 1 _aRU
_bELAR
_2rusmarc
852 _aNLR
_j76-6/6555
942 _cBOOK
980 _aNB